000 00326nam a22001217a 4500
008 180515b xxu||||| |||| 00| 0 eng d
041 _aeng
080 _a043.3
100 _a0
101 _aSHKI-MTH
245 _aBesueshmëria në ruajtjen e të dhënave të ndërmarrjeve në kompjuteriken CLOUD
_cGashi,L
942 _2udc
_cBK
999 _c45808
_d45808